What city do these football clubs represent? - Statistics

General Stats
  • This quiz has been taken 26 times
  • The average score is 16 of 20
Answer Stats
Football Club City they Represent % Correct
Manchester United FC Manchester
100%
Bayern Munich Munich
100%
Liverpool FC Liverpool
95%
Arsenal FC London
95%
Chelsea FC London
95%
Borussia Dortmund Dortmund
91%
Tottenham Hotspur London
91%
Olympique Lyonnais Lyon
91%
Crystal Palace FC London
86%
Internazionale Milan
86%
Derby County Derby
82%
Girona Girona
82%
VfB Stuttgart Stuttgart
82%
Juventus Turin
82%
Everton Liverpool
77%
SL Benfica Lisbon
73%
RCD Espanyol Barcelona
55%
Borussia Monchedgladbach Monchedgladbach
50%
Feyenoord Rotterdam
41%
Real Sociedad San Sebastián
41%
No matching quizzes found
Score Distribution
Percent of People with Each Score
Percentile by Number Answered
Your Score History
You have not taken this quiz